000 00763nam a2200265 a 4500
001 39581
003 AR-BaAGN
005 20231223062724.0
007 ta
008 220625s2006 ag |||||r|||| ||||||spa d
020 _a950-686-162-5
040 _dAR-BaAGN
_aAR-BaAGN
_bspa
_eaacr
110 1 _aInstituto de Investigaciones Históricas de Entre Rios
245 1 0 _aHablemos de história :
_bcuestiones teóricas y metodológicas de la história
250 _a1ª ed.
260 _aParaná :
_bDir. editorial de Entre Rios,
_c2006.
300 _a264 páginas
336 _2rdacontent
_btxt
337 _2rdamedia
_bn
338 _2rdacarrier
_bnc
650 4 _aHISTORIOGRAFÍA
_91523
700 1 _aGalleti, Amelia
_epbd
942 _cLIBRO
999 _c39581
_d39581